Guess 8 scottish footballers by image - Statistics

General Stats
  • This quiz has been taken 157 times
    152 since last reset
  • The average score is 5 of 8
Answer Stats
Picture Answer % Correct
Andrew Robertson
91%
Scott McTominay
88%
Kenny Dalglish
82%
Darren Fletcher
60%
Denis Law
60%
Graeme Souness
56%
Alan Hansen
43%
Jimmy Johnstone
30%
No matching quizzes found
Score Distribution
Percent of People with Each Score
Percentile by Number Answered
Your Score History
You have not taken this quiz since the last reset